000 00210nam a22000857a 4500
008 170202b xxu||||| |||| 00| 0 eng d
100 _92743
_aCBSE
245 _aEntre Jeunes-2-Class-X
260 _aNew Delhi
_bCBSE
_c2008
999 _c5920
_d5920